Small-scale household cashew-nut production in santuk district, kampong thom province, ផលិតកម្មដំណាំស្វាយចន្ទីជាលក្ខណៈគ្រួសារក្នុងស្រុកសន្ទុក ខេត្តកំពង់ធំ (Record no. 7746)

000 -LEADER
fixed length control field 00643nam a22001457a 4500
003 - CONTROL NUMBER IDENTIFIER
control field OSt
005 - DATE AND TIME OF LATEST TRANSACTION
control field 20160323100605.0
008 - FIXED-LENGTH DATA ELEMENTS--GENERAL INFORMATION
fixed length control field 160323b xxu||||| |||| 00| 0 eng d
040 ## - CATALOGING SOURCE
Transcribing agency RUA
082 ## - DEWEY DECIMAL CLASSIFICATION NUMBER
Classification number AGR UY 2007 B470 Or.1
100 ## - MAIN ENTRY--PERSONAL NAME
9 (RLIN) 8135
Personal name UY SOTHEAVY; អ៊ុយ សុធាវី
245 ## - TITLE STATEMENT
Title Small-scale household cashew-nut production in santuk district, kampong thom province, ផលិតកម្មដំណាំស្វាយចន្ទីជាលក្ខណៈគ្រួសារក្នុងស្រុកសន្ទុក ខេត្តកំពង់ធំ
300 ## - PHYSICAL DESCRIPTION
Extent xiii,50p.
Other physical details ill.
Dimensions 29cm.
942 ## - ADDED ENTRY ELEMENTS (KOHA)
Source of classification or shelving scheme
Koha item type AGR
Holdings
Price effective from Date last seen Permanent Location Not for loan Date acquired Source of classification or shelving scheme Koha item type Barcode Lost status Damaged status Shelving location Withdrawn status Current Location Full call number
2016-03-232016-03-23Library Block B 2016-03-23 AGRRUA44553  B470 Library Block BAGR UY 2007 B470 Or.1
មជ្ឈមណ្ឌលឯការនៃសាកលវិទ្យាល័យភូមិន្ទកសិកម្មចំការដូង

Powered by Koha